Statistics for Things that are Pink

Click here to take the quiz!

General Stats

  • This quiz has been taken 14 times
  • The average score is 9 of 12

Answer Stats

Answer% Correct
Pig
100%
Flamingo
93%
Starfish
93%
Macaron
86%
Pencil
86%
Tulip
86%
Ice Cream
79%
Flower
64%
Rhubarb
57%
Tree
57%
Dragon Fruit
50%
Jewl
7%

Score Distribution

Percentile by Number Answered

Percent of People with Each Score

Your Score History

You have not taken this quiz